000 01049cam a22003255a 4500
001 15636850
005 20201128020725.0
008 090224s2009 njuad f 001 0 eng
010 _a 2009285303
020 _a9780137144150
020 _a0137144156
040 _aDLC
_cDLC
_beng
_dEG-ScBUE
050 0 0 _aQA76.73.C154
_bD455 2009
082 0 4 _a005.133
_bDEI
_222
100 1 _aDeitel, Paul J.
_92983
245 1 0 _aC # 2008 for programmers /
_cPaul J. Deitel, Harvey M. Deitel.
250 _a3rd ed.
260 _aUpper Saddle River, NJ :
_bPrentice Hall,
_cc2009.
300 _axlii, 1251 p. :
_bill. ;
_c24 cm.
490 _aDeitel developer series
500 _aindex 1215-1251.
504 _aIncludes bibliographical references .
650 0 _aC # (Computer program language)
_92984
_2BUEsh
651 _2BUEsh
653 _bCOMSCI
_cAugust2014
655 _vtext book
_933728
700 1 _aDeitel, Harvey M.,
_d1945-
_92985
942 _2ddc
_cBB
999 _c11150
_d11150